000 00318nam a22001337a 4500
020 _qP.B
040 _cFIZZA ISHAQ
082 _a006.4
_bROB
100 _aKOFF, R.,S
_955380
245 _aPATTERN RECOGNITION /
_cROBERT SCHAL KOFF
260 _aNEW DEHLI :
_bPEARSON,
_c1992.
300 _a304 P. ;
942 _2ddc
_cBK
999 _c566232
_d566232